De la crisis a la revolución democrática / (Record no. 183055)

MARC details
000 -LEADER
campo de control de longitud fija 00978nam a2200289 i 4500
001 - NÚMERO DE CONTROL
campo de control 183055
003 - IDENTIFICADOR DE NÚMERO DE CONTROL
campo de control ES-MaACL
005 - FECHA Y HORA DE LA ÚLTIMA TRANSACCIÓN
campo de control 20250728043250.0
008 - DATOS DE LONGITUD FIJA--INFORMACIÓN GENERAL
campo de control de longitud fija 140114s2013 sp | |||||||| | spa d
020 ## - NÚMERO INTERNACIONAL ESTÁNDAR DEL LIBRO
Número Internacional Estándar del Libro 978-84-15216-69-8
080 ## - NÚMERO DE LA CLASIFICACIÓN DECIMAL UNIVERSAL
Número de la Clasificación Decimal Universal 338.124"2008/..."
080 ## - NÚMERO DE LA CLASIFICACIÓN DECIMAL UNIVERSAL
Número de la Clasificación Decimal Universal 329(460)
080 ## - NÚMERO DE LA CLASIFICACIÓN DECIMAL UNIVERSAL
Número de la Clasificación Decimal Universal 32(460)"2011/..."
080 ## - NÚMERO DE LA CLASIFICACIÓN DECIMAL UNIVERSAL
Número de la Clasificación Decimal Universal 321.7
100 1# - ENTRADA PRINCIPAL--NOMBRE DE PERSONA
Nombre de persona Monereo, Manuel.
9 (RLIN) 82169
245 10 - MENCIÓN DEL TÍTULO
Título De la crisis a la revolución democrática /
Mención de responsabilidad, etc. Manolo Monereo ; [prólogo de Julio Anguita].
260 ## - PUBLICACIÓN, DISTRIBUCIÓN, ETC.
Lugar de publicación, distribución, etc. [Mataró] :
Nombre del editor, distribuidor, etc. El Viejo Topo,
Fecha de publicación, distribución, etc. D.L. 2013.
300 ## - DESCRIPCIÓN FÍSICA
Extensión 178 p. ;
Dimensiones 22 cm.
610 27 - PUNTO DE ACCESO ADICIONAL DE MATERIA--NOMBRE DE ENTIDAD CORPORATIVA
Nombre de entidad corporativa o nombre de jurisdicción como elemento de entrada Izquierda Unida (España)
9 (RLIN) 5325
650 #7 - PUNTO DE ACCESO ADICIONAL DE MATERIA--TÉRMINO DE MATERIA
Término de materia o nombre geográfico como elemento de entrada Democracia
Fuente del encabezamiento o término embne
9 (RLIN) 11574
650 #0 - PUNTO DE ACCESO ADICIONAL DE MATERIA--TÉRMINO DE MATERIA
Término de materia o nombre geográfico como elemento de entrada Crisis económicas- 2008
9 (RLIN) 236570
651 #7 - PUNTO DE ACCESO ADICIONAL DE MATERIA--NOMBRE GEOGRÁFICO
Nombre geográfico España-
Subdivisión general Política y gobierno-
Subdivisión cronológica 2011-
Fuente del encabezamiento o término
9 (RLIN) 154170
700 1# - ENTRADA AGREGADA--NOMBRE PERSONAL
Nombre de persona Anguita González, Julio,
Fechas asociadas al nombre 1941-2020
9 (RLIN) 21771
852 ## - LOCALIZACIÓN
Ubicación ES-MaACL
Número de control de estantería A-13001
itemnumber 189989
Sublocalización o colección R.149871
Ubicación en estantería Depósito 1
Signatura antigua Olim: N-6001
942 ## - ELEMENTOS DE ENTRADA SECUNDARIOS (KOHA)
Fuente del sistema de clasificación o colocación Clasificación decimal universal
Tipo de ítem Koha Libro impreso
Holdings
Estatus retirado Estado de pérdida Fuente del sistema de clasificación o colocación Estado de daño No para préstamo Biblioteca de origen Biblioteca actual Ubicación en estantería Fecha de adquisición Fuente de adquisición Total de préstamos Signatura topográfica completa Código de barras Visto por última vez Precio de reemplazo Tipo de ítem Koha
    Clasificación decimal universal     Biblioteca del Ateneo de Madrid Biblioteca del Ateneo de Madrid Depósito 1 14/01/2014 Donación   A-13001 1192394 23/02/2023 23/02/2023 Libro impreso